000
00306 a2200133 4500
001
120587
020
_a
9788540315037
040
_c
Escola Canadense de Niteroi
100
_a
Salvari, Fábio
245
1
0
_a
Diálogos da História 9
490
0
_a
Formação Continuada
650
4
_a
História
942
_c
BK
999
_c
120587
_d
120587